000 00330nam a22001457a 4500
008 230418b ||||| |||| 00| 0 eng d
020 _a9781452271880
041 _aeng
080 _a37
082 _a37FRE
100 _a24
101 _aEDU
245 _aEIGHT MYTHS OF STUDENT DISENGAGEMENT
_cFREDRICKS.A.J
942 _2udc
_cBK
999 _c59588
_d59588